000
00199nam a22001217a 4500
040
_c
HS
082
_a
852
100
_a
NA
245
_a
Ancona
260
_a
NA
_b
NA
_c
NA
300
_a
NA
942
_c
EK
999
_c
8758
_d
8758